NBA Playoff Numbers - Statistics

General Stats
  • This quiz has been taken 13 times
  • The average score is 36 of 105
Answer Stats
Team & PPG Answer % Correct
2018-19 (31.6-HOU) James Harden
92%
2022-23 (34.5-LAC) Kawhi Leonard
92%
1978-79 (20.5-HOU) Moses Malone
75%
2022-23 (31.6-MIN) Anthony Edwards
67%
1985-86 (12.0-DET) Isiah Thomas
67%
1989-90 (8.8-BOS) Larry Bird
67%
2022-23 (13.5-DEN) Nikola Jokic
67%
2000-01 (32.9-PHI) Allen Iverson
58%
1993-94 (27.6-PHX) Charles Barkley
58%
2010-11 (11.5-NOH) Chris Paul
58%
2015-16 (16.3-LAC) DeAndre Jordan
58%
2022-23 (33.7-PHX) Devin Booker
58%
2001-02 (28.4-DAL) Dirk Nowitzki
58%
1987-88 (31.2-ATL) Dominique Wilkins
58%
1987-88 (16.8-HOU) Hakeem Olajuwon
58%
2019-20 (26.5-DEN) Jamal Murray
58%
2014-15 (11.9-WAS) John Wall
58%
2001-02 (18.7-MIN) Kevin Garnett
58%
2018-19 (28.6-OKC) Paul George
58%
2002-03 (27.0-BOS) Paul Pierce
58%
2014-15 (31.5-NOP) | 2023-24 (15.6-LAL) Anthony Davis
50%
2002-03 (8.4-NOH) | 2006-07 (25.3-GSW) Baron Davis
50%
2002-03 (16.3-DET) Ben Wallace
50%
1986-87 (8.9-BOS) Dennis Johnson
50%
2007-08 (15.8-ORL) Dwight Howard
50%
2002-03 (8.7-MIL) Gary Payton
50%
2021-22 (9.8-MEM) Ja Morant
50%
2002-03 (17.5-IND) Jermaine O'Neal
50%
1988-89 (12.3-PHX) Kevin Johnson
50%
2020-21 (35.7-DAL) Luka Doncic
50%
1987-88 (12.8-NYK) Patrick Ewing
50%
1997-98 (26.0-MIA) Tim Hardaway
50%
2003-04 (7.0-SAS) Tony Parker
50%
2002-03 (31.7-ORL) Tracy Mcgrady
50%
2022-23 (10.2-ATL) Trae Young
50%
1982-83 (26.0-PHX) Walter Davis
50%
1984-85 (30.2-DEN) Alex English
42%
1983-84 (14.1- NJN) Buck Williams
42%
2009-10 (30.7-DEN) Carmelo Anthony
42%
2008-09 (10.8-UTA) Deron Williams
42%
2019-20 (14.8-BRN) Jarrett Allen
42%
2017-18 (8.5-TOR) Kyle Lowry
42%
2013-14 (26.2-POR) LaMarcus Aldridge
42%
2013-14 (7.9-MEM) Mike Conley
42%
2012-13 (11.5-LAL) Pau Gasol
42%
2004-05 (26.5-SEA) Ray Allen
42%
1996-97 (12.3-SEA) Shawn Kemp
42%
2024-25 (8.6-PAC) Tyrese Haliburton
42%
1995-96 (25.0-DET) Allan Houston
33%
1998-99 (13.9-ATL) Dikembe Mutombo
33%
1996-97 (27.7-CHA) Glen Rice
33%
1996-97 (23.6-DET) Grant Hill
33%
2023-24 (7.5-NYK) Jalen Brunson
33%
1983-84 (32.2-UTA) Adrian Dantley
25%
2005-06 (7.2-DEN) Andre Miller
25%
1988-89 (29.4-GSW) Chris Mullin
25%
1997-98 (9.5-POR) Damon Stoudamire
25%
2022-23 (11.0-SAC) Domantas Sabonis
25%
1995-96 (10.4-ORL) Horace Grant
25%
2008-09 (13.1-CHI) Joakim Noah
25%
2016-17 (10.6-CLE) Kevin Love
25%
1988-89 (10.1-NYK) Mark jackson
25%
2017-18 (12.2-NOP) Rajon Rondo
25%
1981-82 (11.3-BOS) Robert Parish
25%
1996-97 (7.7-MIN) Stephon Marbury
25%
1986-87 (10.0-POR) Terry Porter
25%
2006-07 (32.0-WAS) Antawn Jamison
17%
2024-25 (11.0-MIA) Bam Adebayo
17%
1985-86 (14.0-DET) Bill Laimbeer
17%
2008-09 (26.7-POR) Brandon Roy
17%
2021-22 (14.3-NOP) Jonas Valančiūnas
17%
2003-04 (11.0-NJN) Kenyon Martin
17%
1993-94 (22.7-GSW) Latrell Sprewell
17%
2006-07 (14.8-DEN) Marcus Camby
17%
1989-90 (8.8-CLE) Mark Price
17%
1994-95 (7.3-LAL) Nick Van Exel
17%
1999-00 (9.0-MIL) Sam Cassell
17%
2012-13 (8.4-OKC) Serge Ibaka
17%
2004-05 (11.8-PHX) Shawn Marion
17%
2010-11 (10.8-MEM) Zach Randolph
17%
2006-07 (9.7-CLE) Zydrunas Ilgauskas
17%
1994-95 (13.3-CHA) Alonzo Mourning
8%
1986-87 (11.3-ATL) Doc Rivers
8%
1988-89 (9.5-DEN) Fat Lever
8%
1988-89 (13.0-PHI) Maurice Cheeks
8%
1993-94 (8.9.ATL) Mookie Blaylock
8%
1995-96 (11.7-DET) Otis Thorpe
8%
2018-19 (8.6-UTA) Ricky Rubio
8%
1984-85 (12.8-DAL) Sam Perkins
8%
1989-90 (10.3-HOU) Sleepy Floyd
8%
1984-85 (27.5-MIL) | 1991-92 (11.3-SAS) Terry Cummings
8%
1984-85 (26.3-CLE) World B. Free
8%
1996-97 (31.0-ORL) Anfernee Hardaway
0%
1976-77 (13.0-CHI) Artis Gilmore
0%
1986-87 (15.3-CHI) Charles Oakley
0%
1982-83 (14.6-SAS) Johnny Moore
0%
1984-85 (29.0-DAL) Mark Aguirre
0%
1978-79 (11.8-LAL) Norm Nixon
0%
1991-92 (28.0-BOS) Reggie Lewis
0%
1994-95 (12.3-POR) Rod Strickland
0%
1999-00 (8.5-MIN) Terrell Brandon
0%
No matching quizzes found
Score Distribution
Percent of People with Each Score
Percentile by Number Answered
Your Score History
You have not taken this quiz